000 00673nam a2200181 i 4500
001 84718
003 ES-MaACL
005 20230906175059.0
007 t|
008 041123s1966 sp ||||1| spa d
100 1 _aJennings, Eugene E.
_966305
245 1 3 _aEl ejecutivo en la empresa y en la administración pública
_b: autócrata, burócrata, demócrata /
_cEugene E. Jennings ; [traducción, José Rovira Sánchez ; revisón, Joaquín López Veraza].
260 _aBarcelona :
_bSagitario,
_c[1966]
300 _a260 p. ;
_c22 cm.
700 1 _aRovira Sánchez, José.
_9100155
700 1 _aLópez Sánchez, Joaquín.
_973956
852 _aES-MaACL
_jC-30481
_bR.60866
999 _c84718
_d84718